Bước đầu tìm hiểu các tiềm năng để phát triển khu kinh tế Hòn La - tỉnh Quảng Bình. Định hướng và giải pháp phát triển khu kinh tế đến năm 2020
Một số khái niệm liên quan đến đề tài. Tiềm năng tự nhiên, kinh tế - xã hội ảnh hưởng đến sự hình thành và phát triển khu kinh tế Hòn La. Định hướng và giải pháp phát triển khu kinh tế đến năm 2020.
Sparad:
| Huvudupphovsman: | |
|---|---|
| Övriga upphovsmän: | |
| Materialtyp: | Bok |
| Språk: | Vietnamese |
| Publicerad: |
Đại học Đà Nẵng
ĐH Sư phạm
2010
|
| Ämnen: | |
| Taggar: |
Lägg till en tagg
Inga taggar, Lägg till första taggen!
|
| Thư viện lưu trữ: | Mạng thư viện Đại học Đà Nẵng |
|---|
| LEADER | 01677nam a2200373 4500 | ||
|---|---|---|---|
| 001 | 000011669 | ||
| 003 | 7932 | ||
| 005 | 20120208080201.0 | ||
| 008 | 120208s2010 viesd | ||
| 041 | |a vie | ||
| 072 | |a Khóa luận tốt nghiệp | ||
| 082 | |a 330.9 |b ĐI-N | ||
| 100 | |a Đinh, Thị Thúy Nga |e Tác giả | ||
| 245 | |a Bước đầu tìm hiểu các tiềm năng để phát triển khu kinh tế Hòn La - tỉnh Quảng Bình. Định hướng và giải pháp phát triển khu kinh tế đến năm 2020 |c Đinh Thị Thúy Nga | ||
| 260 | |a Đại học Đà Nẵng |b ĐH Sư phạm |c 2010 | ||
| 300 | |a 62 tr. |c 29 cm | ||
| 500 | |a Khóa luận tốt nghiệp khoa Địa Lý. Lớp 06 SDL | ||
| 520 | |a Một số khái niệm liên quan đến đề tài. Tiềm năng tự nhiên, kinh tế - xã hội ảnh hưởng đến sự hình thành và phát triển khu kinh tế Hòn La. Định hướng và giải pháp phát triển khu kinh tế đến năm 2020. | ||
| 653 | |a Tiềm năng | ||
| 653 | |a Phát triển | ||
| 653 | |a Kinh tế | ||
| 653 | |a Hòn La - Quảng Bình | ||
| 653 | |a Định hướng | ||
| 700 | |a Nguyễn Duy Hòa |c Th.S |e Hướng dân | ||
| OWN | |a LSP | ||
| AVA | |a UDN50 |b LSP |d 330.9 ĐI-N |e available |t Error 5001 Not defined in file expand_doc_bib_avail. |f 1 |g 0 |h N |i 0 |k 1 | ||
| 999 | |a From the UDN01 | ||
| AVA | |a UDN50 |b LSP |d 330.9 ĐI-N |e available |t Error 5001 Not defined in file expand_doc_bib_avail. |f 1 |g 0 |h N |i 0 |k 1 | ||
| TYP | |a Monograph | ||
| TYP | |a Printed language | ||
| 980 | |a Mạng thư viện Đại học Đà Nẵng | ||